[Event "Open de Provence"]
[Site "Meyreuil"]
[Date "2009.07.05"]
[Round "1.1"]
[White "Flores, Francisco"]
[Black "Apicella, Manuel"]
[Result "0-1"]
[WhiteElo "1810"]
[BlackElo "2525"]
[PlyCount "54"]

1. e4 e6 2. d4 d5 3. Nc3 Bb4 4. e5 Ne7 5. Bd3 c5 6. a3 Bxc3+ 7. bxc3 Bd7 8. Qg4
Qa5 9. Bd2 c4 10. Be2 Nf5 11. Nf3 Ba4 12. Ra2 Nc6 13. O-O O-O-O 14. Rb2 Qc7 15.
Nh4 h5 16. Qg5 Nce7 17. Rfb1 b6 18. Bd1 f6 19. exf6 gxf6 20. Qxf6 Rdf8 21.
Qxe6+ Bd7 22. Qe2 Nxh4 23. Qxe7 Nxg2 24. Qe5 Rhg8 25. Qxc7+ Kxc7 26. Kf1 Bh3
27. Ke2 Re8+ 0-1

[Event "Open de Provence"]
[Site "Meyreuil"]
[Date "2009.07.05"]
[Round "1.2"]
[White "Guidarelli, Laurent"]
[Black "Baquer, Marc"]
[Result "1-0"]
[WhiteElo "2436"]
[BlackElo "1807"]
[PlyCount "59"]

1. d4 Nf6 2. c4 g6 3. Nc3 Bg7 4. Nf3 O-O 5. g3 d6 6. Bg2 a6 7. O-O Nc6 8. d5
Na5 9. Nd2 c5 10. Qc2 Rb8 11. b3 b5 12. Bb2 bxc4 13. bxc4 Bh6 14. f4 e5 15.
Rab1 exf4 16. gxf4 Nh5 17. e3 Bf5 18. Nce4 Re8 19. Bc3 Rxb1 20. Rxb1 Nxc4 21.
Nxc4 Bxe4 22. Bxe4 f5 23. Bf3 Nf6 24. Rb7 Ne4 25. Ba1 Qh4 26. Qb2 Re5 27. fxe5
dxe5 28. Rb8+ Bf8 29. Bxe4 fxe4 30. Rxf8+ 1-0

[Event "Open de Provence"]
[Site "Meyreuil"]
[Date "2009.07.05"]
[Round "1.3"]
[White "Derien, Robert"]
[Black "Jean, Olivier"]
[Result "0-1"]
[WhiteElo "1801"]
[BlackElo "2217"]
[PlyCount "62"]

1. e4 c5 2. Nf3 e6 3. Bc4 a6 4. a4 Nc6 5. c3 d5 6. exd5 exd5 7. Be2 d4 8. cxd4
cxd4 9. Bc4 Be7 10. O-O Nf6 11. Re1 O-O 12. d3 h6 13. h3 Bf5 14. Bf4 Nd5 15.
Be5 Nb6 16. Na3 Bf6 17. Bxf6 Qxf6 18. Qd2 Nxa4 19. Bd5 Nc5 20. Nc2 Nxd3 21. Re2
Rfd8 22. Be4 Bxe4 23. Rxe4 Nc5 24. Rf4 Nb3 25. Rxf6 Nxd2 26. Rxc6 Nxf3+ 27.
gxf3 bxc6 28. Rd1 c5 29. Na3 Rab8 30. Rd2 Rb3 31. Kg2 Rxa3 0-1

[Event "Open de Provence"]
[Site "Meyreuil"]
[Date "2009.07.05"]
[Round "1.4"]
[White "Navarro, Bertrand"]
[Black "Jeanjean, Dominique"]
[Result "0-1"]
[WhiteElo "1790"]
[BlackElo "2151"]
[PlyCount "67"]

1. e4 e5 2. Nf3 Nc6 3. Bb5 a6 4. Ba4 Nf6 5. O-O Be7 6. Re1 b5 7. Bb3 d6 8. c3
O-O 9. h3 Nd7 10. d4 Bf6 11. Be3 Nb6 12. d5 Ne7 13. Bxb6 cxb6 14. a4 bxa4 15.
Bxa4 Ng6 16. Nbd2 Nf4 17. Nf1 b5 18. Bxb5 Bxh3 19. Bc6 Bxg2 20. Ne3 Bxf3 21.
Qxf3 Ra7 22. Ng2 Bg5 23. Nxf4 Bxf4 24. Qh3 g6 25. Ra4 f5 26. Rea1 Qb6 27. Rb4
Qc5 28. Raa4 fxe4 29. Qe6+ Kh8 30. Rc4 Qb6 31. Qxd6 Bh2+ 32. Kh1 Qxf2 33. Qxf8+
Qxf8 34. Kxh2 0-1

[Event "Open de Provence"]
[Site "Meyreuil"]
[Date "2009.07.05"]
[Round "1.5"]
[White "Benali, Boubaker"]
[Black "Deleau, Denis"]
[Result "0-1"]
[WhiteElo "1770"]
[BlackElo "2150"]
[PlyCount "66"]

1. d4 g6 2. c4 Bg7 3. Nc3 d6 4. e4 Nc6 5. Nf3 Bg4 6. Be3 e5 7. d5 Nd4 8. Nb5 c5
9. dxc6 bxc6 10. Nbxd4 exd4 11. Bxd4 Bxf3 12. gxf3 Qa5+ 13. Ke2 Nf6 14. Bc3 Qc7
15. Bg2 O-O 16. Re1 d5 17. e5 Nh5 18. Kf1 Rad8 19. Qa4 Qe7 20. cxd5 Rxd5 21.
Rad1 Rfd8 22. Rxd5 cxd5 23. Qd4 Qe6 24. Rd1 f6 25. f4 Kh8 26. Bxd5 Qh3+ 27. Kg1
Qg4+ 28. Kh1 Nxf4 29. Rg1 Qxg1+ 30. Kxg1 Ne2+ 31. Kf1 Nxd4 32. e6 Rxd5 33. Bb4
Nxe6 0-1

[Event "Open de Provence"]
[Site "Meyreuil"]
[Date "2009.07.05"]
[Round "1.6"]
[White "Lemiere, Frederic"]
[Black "Noireaut, Hung"]
[Result "1-0"]
[WhiteElo "2109"]
[BlackElo "1746"]
[PlyCount "69"]

1. d4 d5 2. c4 e6 3. Nc3 c6 4. e3 Be7 5. Nf3 Nd7 6. Qc2 Ngf6 7. Bd2 O-O 8. Be2
Nb6 9. b3 Bd7 10. O-O c5 11. dxc5 Bxc5 12. cxd5 exd5 13. Nxd5 Rc8 14. Nxb6 Qxb6
15. Qb2 Ne4 16. Be1 Be7 17. Rd1 Bf6 18. Qa3 Bg4 19. h3 Bh5 20. Qa5 Qxa5 21.
Bxa5 Bc3 22. Bxc3 Nxc3 23. Rd2 Nxe2+ 24. Rxe2 Rfd8 25. g4 Bg6 26. Rfe1 Rc3 27.
Nd4 Rdc8 28. Rd2 h5 29. Red1 hxg4 30. hxg4 Kh7 31. Kg2 Kh6 32. Kg3 Kg5 33. Nf3+
Kf6 34. Rd7 Be4 35. R1d6# 1-0

[Event "Open de Provence"]
[Site "Meyreuil"]
[Date "2009.07.05"]
[Round "1.7"]
[White "Madranges, Jean"]
[Black "Fayette, Sylvain"]
[Result "1-0"]
[WhiteElo "1733"]
[BlackElo "2023"]
[PlyCount "101"]

1. d4 e6 2. Nf3 f5 3. Bf4 d6 4. e3 Be7 5. h3 Nf6 6. Bd3 O-O 7. Nbd2 c6 8. c3 b5
9. Qc2 Nd5 10. Bh2 Nb6 11. e4 Bf6 12. O-O Na6 13. e5 dxe5 14. Bxe5 Nd7 15. Bxf6
Qxf6 16. Rfe1 Nc7 17. b4 a5 18. bxa5 Rxa5 19. Nb3 Ra7 20. Ne5 Nxe5 21. Rxe5 Nd5
22. Nc5 b4 23. Bc4 bxc3 24. Bxd5 exd5 25. Qxc3 f4 26. Kh2 Qh4 27. Qf3 g5 28.
Ne6 Bxe6 29. Rxe6 Rg7 30. Kg1 g4 31. hxg4 Rxg4 32. Rxc6 Kh8 33. Rac1 Rg6 34.
Rc8 Rxc8 35. Rxc8+ Kg7 36. Qxd5 Qg4 37. Rg8+ Kh6 38. Rxg6+ hxg6 39. Qf3 Qg5 40.
d5 Qe5 41. Qb3 Kg5 42. Qd1 Qd6 43. a4 Kf5 44. Qd3+ Ke5 45. a5 f3 46. Qxf3 Qb4
47. a6 Qa5 48. Qe3+ Kd6 49. a7 Kc7 50. Qe7+ Kb6 51. Qd8+ 1-0

[Event "Open de Provence"]
[Site "Meyreuil"]
[Date "2009.07.05"]
[Round "1.8"]
[White "Tholey, Jean-Paul"]
[Black "Nicolai, Eric"]
[Result "1-0"]
[WhiteElo "2008"]
[BlackElo "1700"]
[PlyCount "115"]

1. d4 d5 2. c4 e6 3. Nc3 Nf6 4. Nf3 c6 5. e3 Nbd7 6. Qc2 Be7 7. Bd2 O-O 8. Bd3
dxc4 9. Bxc4 b5 10. Bd3 a6 11. Ne4 Bb7 12. Rc1 h6 13. b4 Nd5 14. Nc5 Nxc5 15.
dxc5 Qc7 16. O-O Bf6 17. Rfe1 Rad8 18. Bh7+ Kh8 19. e4 Kxh7 20. exd5+ g6 21.
dxe6 Bc8 22. exf7 Bf5 23. Qb3 Rd3 24. Bc3 Rxf7 25. Qb2 Qd8 26. Bxf6 Rxf6 27.
Rc3 Re6 28. Rxd3 Qxd3 29. Rxe6 Bxe6 30. Qa1 Qe4 31. a3 Bd5 32. h3 Qe2 33. Qf6
Bxf3 34. Qxf3 Qxf3 35. gxf3 g5 36. Kg2 Kg6 37. h4 Kf6 38. Kg3 Kf5 39. hxg5 hxg5
40. Kh3 Kf4 41. Kg2 Ke5 42. Kg3 Kf5 43. f4 gxf4+ 44. Kh4 Kf6 45. Kg4 Ke5 46. f3
Kd4 47. Kxf4 Kc3 48. Ke4 Kb3 49. f4 Kxa3 50. f5 Kxb4 51. Kd4 a5 52. f6 a4 53.
f7 a3 54. f8=Q a2 55. Qf1 Kb3 56. Qc1 b4 57. Qa1 Ka3 58. Kc4 1-0

[Event "Open de Provence"]
[Site "Meyreuil"]
[Date "2009.07.05"]
[Round "1.9"]
[White "Vighetti, Patrice"]
[Black "Giry, Jean-Marc"]
[Result "1/2-1/2"]
[WhiteElo "1690"]
[BlackElo "2006"]
[PlyCount "51"]

1. d4 b6 2. Nf3 Bb7 3. Bf4 f5 4. e3 Nf6 5. Bd3 g6 6. O-O Bg7 7. Nbd2 O-O 8. c4
a5 9. Qc2 e6 10. a3 d6 11. Rac1 Nbd7 12. b4 axb4 13. axb4 Qe7 14. h3 e5 15.
dxe5 dxe5 16. Bxf5 gxf5 17. Qxf5 exf4 18. Qxf4 Nd5 19. Qg3 Nxb4 20. Qxc7 Bxf3
21. Nxf3 Nd3 22. Rcd1 N3c5 23. Qc6 Rf6 24. Qxa8+ Nf8 25. Qd5+ Kh8 26. Qd8
1/2-1/2

[Event "Open de Provence"]
[Site "Meyreuil"]
[Date "2009.07.05"]
[Round "1.10"]
[White "Nobili, Denis"]
[Black "Flores, Adrian"]
[Result "1-0"]
[WhiteElo "1944"]
[BlackElo "1680"]
[PlyCount "87"]

1. d4 d5 2. c4 Nc6 3. Nf3 Bg4 4. Nc3 e6 5. e3 Nf6 6. Be2 Be7 7. O-O O-O 8. Bd2
a6 9. h3 Bh5 10. a3 Bg6 11. b4 Na7 12. Ne5 c6 13. c5 Rb8 14. a4 Nd7 15. Nxg6
hxg6 16. f4 f5 17. b5 axb5 18. axb5 Nxb5 19. Nxb5 cxb5 20. Bxb5 Nf6 21. Qb3 Ra8
22. Bd3 Qc7 23. Rfb1 Rxa1 24. Rxa1 Ne4 25. Ba5 Qb8 26. Rb1 Bh4 27. Bxe4 fxe4
28. c6 Bd8 29. Qxb7 Qxb7 30. cxb7 Bxa5 31. b8=Q Rxb8 32. Rxb8+ Kf7 33. g4 g5
34. fxg5 Be1 35. Rh8 Bb4 36. Kf2 Bd6 37. h4 Kg6 38. Ra8 Bb4 39. Ra6 Kf7 40. h5
Bf8 41. Ra7+ Be7 42. h6 gxh6 43. gxh6 Kf8 44. Rxe7 1-0

[Event "Open de Provence"]
[Site "Meyreuil"]
[Date "2009.07.05"]
[Round "1.11"]
[White "Jean, Nicolas"]
[Black "Girard, Jean-Pierre"]
[Result "0-1"]
[WhiteElo "1680"]
[BlackElo "1938"]
[PlyCount "96"]

1. e4 c5 2. Nf3 d6 3. Bb5+ Nd7 4. O-O Ngf6 5. Re1 e6 6. c3 Be7 7. d4 cxd4 8.
cxd4 O-O 9. Nc3 a6 10. Ba4 b5 11. Bc2 Re8 12. Qd3 Nf8 13. Be3 Bb7 14. Nd2 Rc8
15. Rac1 e5 16. d5 Ng4 17. Nf1 Bg5 18. Bxg5 Qxg5 19. Ng3 g6 20. h3 Nf6 21. Re3
h5 22. Rf1 N8d7 23. Nf5 gxf5 24. Rg3 Ng4 25. exf5 Ndf6 26. hxg4 hxg4 27. Ne4
Nxe4 28. Qxe4 Rc4 29. Qe2 Qh4 30. Bb3 Rf4 31. Rc1 Kg7 32. Qe3 Rh8 33. Kf1 Qg5
34. Rc7 Bc8 35. Rc6 Bxf5 36. f3 Rc8 37. Rxd6 Rc1+ 38. Kf2 Rb1 39. Qxe5+ Kh7 40.
Rf6 Rf1+ 41. Kxf1 Bd3+ 42. Kf2 Qxe5 43. Rxf4 Qxf4 44. Rxg4 Qd2+ 45. Kg3 Qxb2
46. Kf4 Qd4+ 47. Kg5 Qe5+ 48. Kh4 f5 0-1

[Event "Open de Provence"]
[Site "Meyreuil"]
[Date "2009.07.05"]
[Round "1.12"]
[White "Poulain, Cedric"]
[Black "Sartre, Guilhem"]
[Result "0-1"]
[WhiteElo "1931"]
[BlackElo "1677"]
[PlyCount "51"]

1. Nf3 d5 2. g3 Nf6 3. Bg2 c5 4. O-O Nc6 5. d4 Bf5 6. c4 Nxd4 7. Nxd4 cxd4 8.
Qxd4 dxc4 9. Qxc4 Qb6 10. Nc3 Rc8 11. Qf4 e6 12. Qa4+ Nd7 13. Rd1 Rd8 14. Be3
Qxb2 15. Nb5 Bc2 16. Nc7+ Ke7 17. Qh4+ f6 18. Qc4 Bf5 19. Bd4 Qc2 20. Bc3 Kf7
21. Qb5 Qxc3 22. Rxd7+ Rxd7 23. Qxd7+ Be7 24. Rb1 Rd8 25. Nd5 Rxd7 26. Nxc3 0-1

[Event "Open de Provence"]
[Site "Meyreuil"]
[Date "2009.07.05"]
[Round "1.13"]
[White "Chazeau, Laineur-Lothaire"]
[Black "Battaglia, Gerard"]
[Result "0-1"]
[WhiteElo "1650"]
[BlackElo "1912"]
[PlyCount "50"]

1. d4 Nf6 2. Bf4 g6 3. e3 Bg7 4. Nf3 d6 5. h3 O-O 6. Be2 c5 7. c3 b6 8. Nbd2
Bb7 9. O-O Nbd7 10. a3 Rc8 11. Rc1 Re8 12. Bh2 a6 13. Qb3 d5 14. Ne5 c4 15. Qd1
Nxe5 16. Bxe5 Nd7 17. Bxg7 Kxg7 18. f4 Nf6 19. g4 h6 20. g5 hxg5 21. fxg5 Nh7
22. Nf3 e5 23. h4 e4 24. Ne5 Nxg5 25. Rf4 Nh3+ 0-1

[Event "Open de Provence"]
[Site "Meyreuil"]
[Date "2009.07.05"]
[Round "1.14"]
[White "Nakache, Jonathan"]
[Black "Estevez, Ange"]
[Result "1-0"]
[WhiteElo "1905"]
[BlackElo "1640"]
[PlyCount "53"]

1. e4 Nc6 2. Nf3 e5 3. Bb5 d6 4. d4 exd4 5. Qxd4 Bd7 6. Bxc6 bxc6 7. O-O f6 8.
Nbd2 Nh6 9. Nc4 Nf7 10. Nh4 Be7 11. f4 c5 12. Qc3 Qb8 13. Ne3 c6 14. a3 Qb6 15.
Rd1 O-O-O 16. Nhf5 Bxf5 17. Nxf5 Bf8 18. Be3 Rg8 19. b4 g6 20. Ng3 Bg7 21. bxc5
dxc5 22. Bxc5 Rxd1+ 23. Rxd1 Qc7 24. Qc4 Bf8 25. Qe6+ Kb7 26. Rd7 Bxc5+ 27. Kh1
1-0

[Event "Open de Provence"]
[Site "Meyreuil"]
[Date "2009.07.05"]
[Round "1.15"]
[White "Montanelli, Tristan"]
[Black "Chauvet, Vincent"]
[Result "1/2-1/2"]
[WhiteElo "1638"]
[BlackElo "1904"]
[PlyCount "109"]

1. f4 f5 2. e4 fxe4 3. d3 e3 4. Bxe3 Nf6 5. Nf3 e6 6. Nbd2 d5 7. h3 c5 8. c3
Nc6 9. d4 b6 10. Bb5 Bd7 11. Qa4 Rc8 12. Ne5 Qc7 13. Bxc6 Bxc6 14. Qxc6+ Qxc6
15. Nxc6 Rxc6 16. g4 Bd6 17. O-O O-O 18. f5 cxd4 19. Bxd4 e5 20. Bf2 Nd7 21.
Nf3 Nc5 22. Rad1 Na4 23. Rd2 h5 24. Re1 Re8 25. Nd4 Rcc8 26. Ne6 d4 27. Bg3
hxg4 28. hxg4 Bb8 29. cxd4 exd4 30. Bf2 d3 31. Rxd3 Nxb2 32. Rd7 Rc4 33. Rxg7+
Kh8 34. Rg6 Nd3 35. Bh4 Bf4 36. Bf6+ Kh7 37. Rg7+ Kh6 38. Rg6+ Kh7 39. g5 Rxe6
40. Rh6+ Kg8 41. Rh8+ Kf7 42. Rh7+ Kg8 43. Rh8+ Kf7 44. Rxe6 Rc1+ 45. Kg2 Rc2+
46. Kf3 Rf2+ 47. Ke4 Nc5+ 48. Kd5 Rd2+ 49. Kc6 Nxe6 50. Rh7+ Kg8 51. Rh8+ Kf7
52. fxe6+ Kxe6 53. Re8+ Kf5 54. Rf8 Kg6 55. Rg8+ 1/2-1/2

[Event "Open de Provence"]
[Site "Meyreuil"]
[Date "2009.07.05"]
[Round "1.16"]
[White "Madranges, Julien"]
[Black "Burmonas, Romain"]
[Result "1/2-1/2"]
[WhiteElo "1904"]
[BlackElo "1611"]
[PlyCount "76"]

1. d4 d5 2. Nf3 e6 3. e3 c6 4. Bd3 Bd6 5. b3 Nd7 6. Bb2 f5 7. Nbd2 Ngf6 8. O-O
O-O 9. c4 Qe8 10. Ne5 Bxe5 11. dxe5 Ng4 12. Nf3 b6 13. h3 Nh6 14. Ba3 c5 15.
cxd5 exd5 16. Bxf5 Bb7 17. Bxd7 Qxd7 18. Ne1 Ba6 19. Nd3 Qf5 20. Nf4 Bxf1 21.
Qxd5+ Kh8 22. Rxf1 Rfe8 23. Bb2 Rad8 24. Qb7 Rd7 25. Qc6 Red8 26. e6 Re7 27. g4
Qc2 28. Be5 Qd2 29. e4 Ng8 30. Nd5 Ree8 31. Qc7 Qh6 32. f4 Rc8 33. Qb7 Rcd8 34.
h4 Nf6 35. g5 Qxh4 36. gxf6 Qg3+ 37. Kh1 Qh3+ 38. Kg1 Qg3+ 1/2-1/2

[Event "Open de Provence"]
[Site "Meyreuil"]
[Date "2009.07.05"]
[Round "1.17"]
[White "Noireaut, Hoan"]
[Black "Colandrea, Sauveur"]
[Result "0-1"]
[WhiteElo "1500"]
[BlackElo "1901"]
[PlyCount "58"]

1. d4 Nf6 2. Nf3 g6 3. Bf4 Bg7 4. e3 d6 5. Bc4 c5 6. c3 O-O 7. O-O Nh5 8. Bg3
Nxg3 9. hxg3 Qc7 10. Qb3 e6 11. Nbd2 Nc6 12. d5 Na5 13. Qa3 Nxc4 14. Nxc4 exd5
15. Ncd2 Bg4 16. c4 d4 17. Qd3 dxe3 18. Qxe3 Rfe8 19. Qf4 Bf5 20. g4 Bd3 21.
Rfe1 Bxb2 22. Rab1 Bxb1 23. Rxb1 Bg7 24. Nh4 Re6 25. g5 Rae8 26. Kf1 Qe7 27.
Nhf3 Qd7 28. Nh2 b6 29. Rb3 Re1# 0-1

[Event "Open de Provence"]
[Site "Meyreuil"]
[Date "2009.07.05"]
[Round "1.18"]
[White "Del Vecchio, Alain"]
[Black "Aubry, Michel"]
[Result "1-0"]
[WhiteElo "1900"]
[BlackElo "1499"]
[PlyCount "101"]

1. e4 e5 2. Bc4 Nf6 3. d3 Be7 4. Nc3 d6 5. f4 exf4 6. Bxf4 Bg4 7. Qd2 O-O 8.
Nf3 Nc6 9. h3 Be6 10. g4 Qd7 11. O-O-O Bxc4 12. dxc4 h6 13. Kb1 Nh7 14. Rhg1 g5
15. Be3 b6 16. Nd5 Na5 17. b3 Nc6 18. h4 f6 19. hxg5 fxg5 20. Qg2 Rf7 21. Rh1
Bf8 22. e5 Rxf3 23. Qxf3 Re8 24. Nf6+ Nxf6 25. exf6 Ne5 26. Qd5+ Qe6 27. Qxe6+
Rxe6 28. Bd4 Kf7 29. Bxe5 Rxe5 30. Rhf1 a6 31. Rd3 b5 32. cxb5 axb5 33. Rdf3 d5
34. Kb2 Re4 35. Rg1 Bc5 36. Rh1 Bf8 37. Rg1 Rf4 38. Rxf4 gxf4 39. Kc3 c5 40. a4
b4+ 41. Kd3 Kxf6 42. a5 Bd6 43. a6 Bb8 44. Re1 Ba7 45. Re8 Bb6 46. Rb8 Ba7 47.
Rb7 c4+ 48. bxc4 dxc4+ 49. Ke4 Kg5 50. Rxa7 Kxg4 51. Rg7+ 1-0

[Event "Open de Provence"]
[Site "Meyreuil"]
[Date "2009.07.05"]
[Round "1.19"]
[White "Benezra, David"]
[Black "Maury, Claude"]
[Result "0-1"]
[WhiteElo "1440"]
[BlackElo "1883"]
[PlyCount "57"]

1. e4 e6 2. Nf3 d5 3. e5 c5 4. b4 cxb4 5. a3 Nc6 6. axb4 Bxb4 7. Ba3 Nge7 8.
Bxb4 Nxb4 9. c3 Nbc6 10. d4 Bd7 11. Bd3 Ng6 12. Qd2 a6 13. c4 dxc4 14. Bxc4 Nh4
15. Nxh4 Qxh4 16. d5 Qxc4 17. dxc6 Bxc6 18. f3 Rd8 19. Na3 Rxd2 20. Nxc4 Rxg2
21. Nd6+ Ke7 22. Rb1 f6 23. f4 fxe5 24. fxe5 Rg5 25. Rxb7+ Bxb7 26. Nxb7 Rxe5+
27. Kd2 Rb8 28. Rb1 Rb5 29. Kc2 0-1

[Event "Open de Provence"]
[Site "Meyreuil"]
[Date "2009.07.05"]
[Round "1.20"]
[White "Loysel, Yves"]
[Black "Benezra, Amos"]
[Result "1-0"]
[WhiteElo "1870"]
[BlackElo "1410"]
[PlyCount "57"]

1. e4 c5 2. Nc3 e6 3. f4 Ne7 4. Nf3 Nbc6 5. a3 g6 6. Bc4 a6 7. d3 b5 8. Ba2 Bg7
9. O-O Bb7 10. f5 Qc7 11. Bg5 O-O-O 12. f6 Bf8 13. fxe7 Nxe7 14. Bf6 Rg8 15.
Ng5 Re8 16. Nxf7 Qc6 17. Ne5 Qc7 18. Ng4 h5 19. Be5 d6 20. Bxe6+ Kb8 21. Nf6
dxe5 22. Nxe8 Qc6 23. Bxg8 Qxe8 24. Bd5 Nxd5 25. Nxd5 h4 26. Qf3 Bd6 27. Qf7
Qd8 28. Rf6 g5 29. Rg6 1-0

[Event "Open de Provence"]
[Site "Meyreuil"]
[Date "2009.07.05"]
[Round "1.21"]
[White "Bizien, Antoine"]
[Black "Vallette, Patrick"]
[Result "0-1"]
[WhiteElo "1400"]
[BlackElo "1855"]
[PlyCount "74"]

1. e4 e6 2. d4 d5 3. e5 c5 4. c3 Qb6 5. Nf3 Bd7 6. Bd3 Bb5 7. b3 Bxd3 8. Qxd3
Nc6 9. Be3 cxd4 10. Bxd4 Nxd4 11. Nxd4 Bc5 12. O-O Ne7 13. Qb5+ Nc6 14. Qxb6
Bxb6 15. Rd1 Nxe5 16. Na3 a6 17. c4 Rd8 18. Ndc2 O-O 19. Ne3 d4 20. Nec2 d3 21.
Ne3 Bxe3 22. fxe3 Ng4 23. Re1 d2 24. Reb1 Nxe3 25. Rd1 Nxd1 26. Rxd1 Rd3 27. c5
Rc8 28. Nc4 Rxc5 29. Rxd2 Rxd2 30. Nxd2 Rc2 31. Nc4 Rxa2 32. Nd6 b5 33. Ne4 Rb2
34. Nc5 a5 35. h3 Rc2 36. Nb7 a4 37. bxa4 bxa4 0-1

[Event "Open de Provence"]
[Site "Meyreuil"]
[Date "2009.07.05"]
[Round "1.22"]
[White "Scamaroni, Jean-Paul"]
[Black "Giry, Valentin"]
[Result "1/2-1/2"]
[WhiteElo "1830"]
[BlackElo "1370"]
[PlyCount "65"]

1. d4 d5 2. c4 e6 3. Nc3 Nf6 4. Bg5 Be7 5. e3 O-O 6. Nf3 h6 7. Bh4 b6 8. cxd5
Nxd5 9. Bxe7 Nxe7 10. Bd3 Bb7 11. O-O Nd7 12. Rc1 c5 13. Qe2 Nc6 14. Rfd1 cxd4
15. Nxd4 Nxd4 16. exd4 Nf6 17. Rd2 Nd5 18. Bb1 Nf4 19. Qe3 Qg5 20. Qg3 Nh3+ 21.
Qxh3 Qxd2 22. Rd1 Qxb2 23. Qd3 g6 24. h4 h5 25. Qg3 Kg7 26. Qe5+ Kh7 27. Qxh5+
Kg7 28. Qg5 Rh8 29. Ne4 Bxe4 30. Bxe4 Rac8 31. Bxg6 fxg6 32. Qe7+ Kh6 33. Qg5+
1/2-1/2

[Event "Open de Provence"]
[Site "Meyreuil"]
[Date "2009.07.06"]
[Round "2.1"]
[White "Apicella, Manuel"]
[Black "Battaglia, Gerard"]
[Result "1-0"]
[WhiteElo "2525"]
[BlackElo "1912"]
[PlyCount "69"]

1. e4 e6 2. d4 d5 3. Nc3 Nf6 4. e5 Nfd7 5. f4 c5 6. Nf3 Nc6 7. Be3 Be7 8. Qd2
a6 9. Be2 b5 10. O-O Bb7 11. a3 Qb6 12. Kh1 cxd4 13. Nxd4 Nxd4 14. Bxd4 Bc5 15.
Bxc5 Qxc5 16. Rad1 Rc8 17. Ne4 Qxc2 18. Nd6+ Ke7 19. Nxb7 Qxd2 20. Rxd2 Rc7 21.
Na5 Rhc8 22. Nb3 Nb6 23. Nd4 Rc1 24. Rdd1 Rxd1 25. Rxd1 g6 26. Kg1 h5 27. Kf1
Kd7 28. b3 Ke7 29. Ke1 Nd7 30. Kd2 f6 31. exf6+ Nxf6 32. Bd3 Kf7 33. Re1 Re8
34. Nf3 Nd7 35. Rc1 1-0

[Event "Open de Provence"]
[Site "Meyreuil"]
[Date "2009.07.06"]
[Round "2.2"]
[White "Colandrea, Sauveur"]
[Black "Guidarelli, Laurent"]
[Result "0-1"]
[WhiteElo "1901"]
[BlackElo "2436"]
[PlyCount "70"]

1. e4 c5 2. Nf3 e6 3. d4 cxd4 4. Nxd4 a6 5. Be2 Nf6 6. Nc3 Qc7 7. O-O b5 8. Bf3
Bb7 9. e5 b4 10. Na4 Nd5 11. Nf5 Qa5 12. c4 bxc3 13. Nxc3 Nxc3 14. bxc3 Bxf3
15. Qxf3 Nc6 16. Nd4 Rc8 17. Nb3 Qxe5 18. Bd2 Bd6 19. g3 O-O 20. Kg2 Qb5 21.
Nd4 Qc4 22. Nxc6 Qxc6 23. Rfd1 Be5 24. Rac1 Qxf3+ 25. Kxf3 d5 26. Ke2 Rc4 27.
f4 Bf6 28. g4 Rfc8 29. Kd3 h6 30. g5 hxg5 31. fxg5 Be5 32. Re1 Bxh2 33. Rh1 Bf4
34. Rh3 Bxd2 35. Kxd2 d4 0-1

[Event "Open de Provence"]
[Site "Meyreuil"]
[Date "2009.07.06"]
[Round "2.3"]
[White "Jean, Olivier"]
[Black "Nakache, Jonathan"]
[Result "1/2-1/2"]
[WhiteElo "2217"]
[BlackElo "1905"]
[PlyCount "96"]

1. Nf3 Nf6 2. c4 g6 3. Nc3 Bg7 4. e4 d6 5. d4 O-O 6. Be2 e5 7. O-O Nc6 8. d5
Ne7 9. Ne1 Nd7 10. Nd3 f5 11. Bd2 Nf6 12. f3 f4 13. c5 g5 14. g4 h5 15. h3 Ng6
16. Be1 Rf7 17. a4 Bf8 18. cxd6 Bxd6 19. a5 a6 20. b4 hxg4 21. hxg4 Qf8 22. Kg2
Rh7 23. Rh1 Rxh1 24. Kxh1 Bxb4 25. Nxb4 Qxb4 26. Qa4 Qc5 27. Qc4 Qxc4 28. Bxc4
Kf8 29. Na4 Ne8 30. Nc5 Nd6 31. Be2 Ke7 32. Rc1 Bd7 33. Bb4 Rh8+ 34. Kg2 Kd8
35. Bd1 Rh6 36. Ba4 Bxa4 37. Ne6+ Ke8 38. Rxc7 Bd7 39. Bxd6 Bxe6 40. dxe6 Nh4+
41. Kf2 Rxe6 42. Bc5 Kd8 43. Bb6 Ke8 44. Rxb7 Rc6 45. Rc7 Rxc7 46. Bxc7 Ng6 47.
Ke2 Kd7 48. Bb6 Nh4 1/2-1/2

[Event "Open de Provence"]
[Site "Meyreuil"]
[Date "2009.07.06"]
[Round "2.4"]
[White "Jeanjean, Dominique"]
[Black "Del Vecchio, Alain"]
[Result "1-0"]
[WhiteElo "2151"]
[BlackElo "1900"]
[PlyCount "53"]

1. e4 d5 2. exd5 Qxd5 3. Nc3 Qa5 4. d4 Nf6 5. Bc4 c6 6. Qe2 Bf5 7. Nf3 e6 8.
Bd2 Bb4 9. O-O-O Nbd7 10. d5 cxd5 11. Nxd5 Nxd5 12. Bxd5 O-O 13. Bxb7 Rab8 14.
Bxb4 Qxb4 15. Rxd7 Rxb7 16. Rxb7 Qxb7 17. Rd1 a5 18. Rd4 h6 19. Qd2 Qb6 20. g4
Bh7 21. Ne5 Rc8 22. Nc4 Qc7 23. Rd7 Qc5 24. Rd8+ Rxd8 25. Qxd8+ Qf8 26. Qxf8+
Kxf8 27. Nxa5 1-0

[Event "Open de Provence"]
[Site "Meyreuil"]
[Date "2009.07.06"]
[Round "2.5"]
[White "Deleau, Denis"]
[Black "Loysel, Yves"]
[Result "0-1"]
[WhiteElo "2150"]
[BlackElo "1870"]
[PlyCount "82"]

1. Nf3 f5 2. b3 Nf6 3. Bb2 e6 4. c4 Be7 5. g3 O-O 6. Bg2 d6 7. d4 Qe8 8. Nc3
Na6 9. a3 c6 10. b4 Bd7 11. Qb3 Nc7 12. Rd1 Ne4 13. d5 cxd5 14. cxd5 e5 15.
Nxe4 fxe4 16. Nd2 Ba4 17. Qc4 Bxd1 18. Kxd1 Rc8 19. Bxe4 Qb5 20. Qb3 Kh8 21.
Rf1 Qd7 22. h4 Ne8 23. Qe3 Nf6 24. Qxa7 Nxe4 25. Nxe4 Ra8 26. Qe3 Qa4+ 27. Kd2
Rac8 28. Rc1 Rxc1 29. Bxc1 Rc8 30. Qd3 Rf8 31. Bb2 h6 32. Qc4 Qd7 33. b5 Rc8
34. Qb3 Bd8 35. b6 Ra8 36. Qb4 Be7 37. f4 Ra4 38. Qc3 Rxe4 39. Qf3 Qa4 40. fxe5
dxe5 41. Qf5 Qa5+ 0-1

[Event "Open de Provence"]
[Site "Meyreuil"]
[Date "2009.07.06"]
[Round "2.6"]
[White "Maury, Claude"]
[Black "Lemiere, Frederic"]
[Result "0-1"]
[WhiteElo "1883"]
[BlackElo "2109"]
[PlyCount "66"]

1. d4 e6 2. Bf4 d5 3. e3 c5 4. c3 Nc6 5. Nd2 Nf6 6. Ngf3 Bd6 7. Bg3 Qe7 8. Bxd6
Qxd6 9. dxc5 Qxc5 10. Nb3 Qb6 11. Nfd4 e5 12. Nxc6 bxc6 13. Be2 a5 14. Qd2 a4
15. Nc1 Ne4 16. Qc2 Bf5 17. Bd3 Bg6 18. O-O O-O 19. Re1 Rfb8 20. f3 Nd6 21.
Bxg6 hxg6 22. b3 axb3 23. Nxb3 Nc4 24. Kf2 Ra3 25. Qe2 Rba8 26. Kg3 Qa7 27. e4
Rxa2 28. Rxa2 Qxa2 29. Qxa2 Rxa2 30. exd5 cxd5 31. Nc5 Rc2 32. Nd3 f6 33. Nb4
Rd2 0-1

[Event "Open de Provence"]
[Site "Meyreuil"]
[Date "2009.07.06"]
[Round "2.7"]
[White "Vallette, Patrick"]
[Black "Tholey, Jean-Paul"]
[Result "1/2-1/2"]
[WhiteElo "1855"]
[BlackElo "2008"]
[PlyCount "99"]

1. e4 c5 2. Nf3 a6 3. Nc3 e6 4. d4 cxd4 5. Nxd4 Nc6 6. Be3 Bb4 7. Qd2 Qa5 8.
Be2 Nf6 9. f3 O-O 10. O-O d5 11. Nxc6 bxc6 12. e5 Nd7 13. f4 Nc5 14. a3 Bxc3
15. Qxc3 Qxc3 16. bxc3 Ne4 17. c4 a5 18. Bd3 Nc3 19. Bd4 Na4 20. c5 Ba6 21.
Bxa6 Rxa6 22. Rab1 f6 23. Rb7 Raa8 24. Rfb1 fxe5 25. fxe5 Rf4 26. Rb8+ Rxb8 27.
Rxb8+ Kf7 28. c3 Nxc5 29. Bxc5 Rc4 30. Bd6 Rxc3 31. Ra8 c5 32. Rxa5 c4 33. Rb5
d4 34. Bb4 Rc2 35. a4 Ra2 36. a5 c3 37. Rc5 Ra4 38. Bxc3 dxc3 39. Rxc3 Rxa5 40.
Re3 Kg6 41. Rg3+ Kf7 42. Re3 g5 43. g4 Ra4 44. h3 h5 45. Rf3+ Ke7 46. gxh5 Rh4
47. h6 Rxh6 48. Kg2 Rh4 49. Rg3 Rh5 50. Rg4 1/2-1/2

[Event "Open de Provence"]
[Site "Meyreuil"]
[Date "2009.07.06"]
[Round "2.8"]
[White "Sartre, Guilhem"]
[Black "Nobili, Denis"]
[Result "0-1"]
[WhiteElo "1677"]
[BlackElo "1944"]
[PlyCount "68"]

1. d4 d5 2. c4 e6 3. Nc3 Nf6 4. Bg5 Be7 5. e3 O-O 6. Bd3 h6 7. Bh4 b6 8. Nf3
Nbd7 9. Ne5 Bb7 10. Qf3 Nxe5 11. dxe5 Nd7 12. Bxe7 Qxe7 13. cxd5 Nxe5 14. Qe4
Nxd3+ 15. Qxd3 Rad8 16. Rd1 exd5 17. O-O Rfe8 18. Qf5 Qe6 19. Qf3 c5 20. Rd3
Ba6 21. Rxd5 Bxf1 22. Kxf1 Rxd5 23. Nxd5 Rd8 24. Nc3 Qc4+ 25. Qe2 Qxe2+ 26.
Kxe2 f5 27. b3 Kf7 28. a4 Ke6 29. Nb5 Rd7 30. Nc3 g5 31. h3 h5 32. Ke1 Rd3 33.
Nb5 Rxb3 34. Nxa7 Rb4 0-1